[Event "85th ch-GER 2014"]
[Site "Verden an der Aller GER"]
[Date "2014.11.24"]
[Round "4.2"]
[White "Kunin, Vitaly"]
[Black "Wagner, Dennis"]
[Result "0-1"]
[WhiteTitle "GM"]
[BlackTitle "IM"]
[WhiteElo "2585"]
[BlackElo "2484"]
[WhiteFideId "4128737"]
[BlackFideId "24650684"]
[EventDate "2014.11.21"]

1. d4 d5 2. Nf3 Nf6 3. c4 e6 4. Nc3 c6 5. e3 Nbd7 6. Qc2 Bd6 7. Bd3 dxc4 8. Bxc4
b5 9. Be2 O-O 10. O-O Bb7 11. e4 e5 12. dxe5 Nxe5 13. Nxe5 Bxe5 14. Be3 Re8 15.
Bf3 Qc7 16. g3 Bxc3 17. bxc3 c5 18. a4 bxa4 19. Rxa4 Bc6 20. Ra3 Bxe4 21. Bxe4
Nxe4 22. Rfa1 h5 23. Ra4 Qb7 24. Rb1 Qc6 25. Rba1 h4 26. Ra6 Qd5 27. gxh4 Qh5
28. Qd1 Qxh4 29. Rxa7 Rxa7 30. Rxa7 Re6 31. Ra4 Rg6+ 32. Kh1 Qh3 0-1

[Event "85th ch-GER 2014"]
[Site "Verden an der Aller GER"]
[Date "2014.11.24"]
[Round "4.3"]
[White "Kabisch, Thilo"]
[Black "Siebrecht, Sebastian"]
[Result "0-1"]
[BlackTitle "GM"]
[WhiteElo "2204"]
[BlackElo "2464"]
[WhiteFideId "4603745"]
[BlackFideId "4609352"]
[EventDate "2014.11.21"]

1. e4 d6 2. d4 Nf6 3. Bd3 g6 4. c4 Bg7 5. Nc3 O-O 6. Nge2 e5 7. d5 Na6 8. f3 Nd7
9. h4 f5 10. Be3 Nac5 11. Bc2 a5 12. a3 Nb6 13. b3 Bd7 14. a4 Bf6 15. Qd2 Bxh4+
16. g3 Bf6 17. O-O-O Rf7 18. Rh2 Qe7 19. Rg1 c6 20. dxc6 bxc6 21. Rd1 d5 22.
cxd5 cxd5 23. Nxd5 Nxd5 24. Qxd5 Rc8 25. Bxc5 Rxc5 26. Qd6 Be6 27. Qxe7 Rxe7 28.
Kb2 Rec7 29. Nc1 Bg5 30. Nd3 Rc3 31. Nxe5 f4 32. Nd3 fxg3 33. Rg2 Be3 34. Nc1
Bf2 35. Rd2 Rxc2+ 36. Rxc2 Rxc2+ 37. Kxc2 Bh3 38. Rxg3 Bxg3 39. Kd3 Bf4 40. Na2
Bf1+ 41. Kd4 h5 42. Nc3 h4 43. e5 h3 44. Ne4 h2 45. Nf2 Bg2 46. Ke4 Bg3 0-1

[Event "85th ch-GER 2014"]
[Site "Verden an der Aller GER"]
[Date "2014.11.24"]
[Round "4.4"]
[White "Buhmann, Rainer"]
[Black "Zehnter, Sebastian"]
[Result "1-0"]
[WhiteTitle "GM"]
[WhiteElo "2601"]
[BlackElo "2237"]
[WhiteFideId "4651340"]
[BlackFideId "24608670"]
[EventDate "2014.11.21"]

1. d4 d5 2. c4 Nc6 3. Nc3 dxc4 4. d5 Ne5 5. Nf3 Ng6 6. Qa4+ Bd7 7. Qxc4 a6 8. h4
h5 9. Bg5 Nf6 10. Rd1 Qc8 11. e3 e5 12. dxe6 Bxe6 13. Qa4+ Bd7 14. Qb3 Be7 15.
Bxf6 Bxf6 16. Nd5 Bd8 17. Bd3 Nf8 18. Nf4 Be6 19. Nxe6 Nxe6 20. Bf5 O-O 21. Ne5
Re8 22. Qc2 Bf6 23. Bh7+ Kf8 24. Nd7+ Ke7 25. Bf5 Rh8 26. Ke2 Qe8 27. Qb3 Qxd7
28. Rxd7+ Kxd7 29. Qxb7 Rab8 30. Bxe6+ Kxe6 31. Qc6+ Kf5 32. Qc2+ Ke6 33. Qe4+
Kd7 34. Rd1+ Kc8 35. b3 Rb7 36. Qc4 Kb8 37. Rd7 Rc8 38. Qxf7 1-0

[Event "85th ch-GER 2014"]
[Site "Verden an der Aller GER"]
[Date "2014.11.24"]
[Round "4.5"]
[White "Schild, Christoph"]
[Black "Khenkin, Igor"]
[Result "0-1"]
[WhiteTitle "FM"]
[BlackTitle "GM"]
[WhiteElo "2424"]
[BlackElo "2575"]
[WhiteFideId "4637089"]
[BlackFideId "4659600"]
[EventDate "2014.11.21"]

1. c4 c6 2. Nc3 d5 3. e3 Nf6 4. Nf3 e6 5. Qc2 Nbd7 6. b3 Bd6 7. Bb2 Qe7 8. Be2
O-O 9. O-O dxc4 10. Bxc4 b5 11. Be2 Bb7 12. Rac1 a6 13. Ne4 Nxe4 14. Qxe4 f5 15.
Qh4 Qxh4 16. Nxh4 c5 17. a4 g5 18. Nf3 g4 19. Ne1 b4 20. Bc4 Kf7 21. f3 gxf3 22.
Nxf3 Ke7 23. g3 Rg8 24. Kf2 Rg4 25. Ke2 Nb6 26. d3 Nxc4 27. Rxc4 Rxc4 28. dxc4
Rg8 29. Kf2 Be4 30. Rc1 h5 31. Ke2 Bxf3+ 32. Kxf3 h4 33. Rg1 hxg3 34. hxg3 Rg4
35. Kf2 Kf7 36. Rg2 Kg6 37. Rg1 Bc7 38. Rg2 Rg5 39. Kf3 Rg4 40. Kf2 Rg5 41. Kf3
Rh5 42. Rd2 Rh3 43. Rd7 Rxg3+ 44. Kf2 Rh3 45. Rg7+ Kh6 46. Rxc7 Rh2+ 47. Kf3
Rxb2 48. Rc6 Kg5 49. Rxc5 Rxb3 50. Ra5 Rc3 51. Rxa6 e5 52. Kf2 Rxc4 53. Rb6 e4
54. a5 Rc2+ 55. Kg1 Rb2 56. a6 Kg4 57. a7 Ra2 58. Rxb4 Kg3 59. Rb1 Rxa7 60. Rf1
Ra2 61. Re1 Rh2 0-1

[Event "85th ch-GER 2014"]
[Site "Verden an der Aller GER"]
[Date "2014.11.24"]
[Round "4.6"]
[White "Svane, Rasmus"]
[Black "Gutman, Lev"]
[Result "1-0"]
[WhiteTitle "IM"]
[BlackTitle "GM"]
[WhiteElo "2509"]
[BlackElo "2408"]
[WhiteFideId "4657101"]
[BlackFideId "4600177"]
[EventDate "2014.11.21"]

1. Nf3 Nf6 2. c4 g6 3. Nc3 Bg7 4. e4 O-O 5. d4 d6 6. Be2 Bg4 7. Be3 Nfd7 8. Rc1
c5 9. d5 a6 10. a4 Qa5 11. Bd2 Qb6 12. Qc2 a5 13. Nb5 Na6 14. Bc3 Nb4 15. Qd2
Nf6 16. Qf4 Bxf3 17. Qxf3 Na2 18. Rd1 Nxc3 19. bxc3 Qd8 20. O-O Nd7 21. Qd3 g5
22. Bg4 Ne5 23. Qe2 Ng6 24. Bf5 h6 25. g3 Be5 26. Qe3 Kh8 27. h4 Bf6 28. hxg5
hxg5 29. Kg2 Kg7 30. Rh1 Rg8 31. Bxg6 fxg6 32. f4 gxf4 33. gxf4 Qd7 34. Qg3 g5
35. e5 Kf8 36. e6 Qe8 37. f5 Kg7 38. Qg4 1-0

[Event "85th ch-GER 2014"]
[Site "Verden an der Aller GER"]
[Date "2014.11.24"]
[Round "4.7"]
[White "Poetsch, Hagen"]
[Black "Plischki, Sebastian"]
[Result "1/2-1/2"]
[WhiteTitle "IM"]
[BlackTitle "IM"]
[WhiteElo "2498"]
[BlackElo "2396"]
[WhiteFideId "24615137"]
[BlackFideId "4637143"]
[EventDate "2014.11.21"]

1. e4 c5 2. Nf3 d6 3. d4 cxd4 4. Nxd4 Nf6 5. Nc3 a6 6. Bg5 Nbd7 7. Bc4 Qb6 8.
Bb3 e6 9. Bxf6 Nxf6 10. Qd2 Be7 11. f4 O-O 12. O-O-O Nd7 13. g4 Nc5 14. g5 Qc7
15. f5 Re8 16. f6 Bf8 17. h4 b5 18. a3 Bb7 19. Qe3 Rac8 20. Kb1 d5 21. exd5 exd5
22. Qf3 Nxb3 23. cxb3 Re5 24. fxg7 Bxg7 25. Rhf1 Rd8 26. Qf4 Qd7 27. Rf2 Rf8 28.
Ka2 f5 29. gxf6 Rxf6 30. Qxe5 Rxf2 31. Qg3 Rf7 32. Nce2 Bc8 33. Rg1 Qc7 34. Qg5
Qd6 35. Ng3 Qf6 36. Nh5 Qxg5 37. Rxg5 h6 38. Rxd5 Rd7 39. Rc5 Bxd4 40. Rxc8+ Kh7
41. Rc6 Rf7 42. Rd6 Bh8 43. Rxa6 Rf2 44. Kb1 Rxb2+ 45. Kc1 Rxb3 46. Nf6+ Bxf6
47. Rxf6 Rxa3 48. Rf5 b4 49. Rf4 Ra4 50. Kb2 Kg6 51. Kb3 Ra3+ 52. Kxb4 Rh3 53.
Kc4 Kh5 54. Kd4 Rxh4 55. Ke3 1/2-1/2

[Event "85th ch-GER 2014"]
[Site "Verden an der Aller GER"]
[Date "2014.11.24"]
[Round "4.8"]
[White "Graf, Felix"]
[Black "Kalinitschew, Sergey"]
[Result "0-1"]
[WhiteTitle "IM"]
[BlackTitle "GM"]
[WhiteElo "2476"]
[BlackElo "2392"]
[WhiteFideId "24608904"]
[BlackFideId "4637321"]
[EventDate "2014.11.21"]

1. d4 f5 2. Nc3 Nf6 3. Bg5 d5 4. Bxf6 exf6 5. e3 Be6 6. Bd3 Qd7 7. a3 Nc6 8.
Nge2 Ne7 9. b3 Nc8 10. Na4 b6 11. c4 dxc4 12. bxc4 c5 13. Nf4 Bf7 14. Qc2 g6 15.
O-O Bd6 16. Nd5 Bxd5 17. cxd5 cxd4 18. exd4 Ne7 19. Qe2 O-O 20. Bb5 Qd8 21. Qe6+
Kg7 22. Rfc1 Rf7 23. Kh1 Rc8 24. Bc6 Ng8 25. Qe2 Re7 26. Qd3 Nh6 27. h3 Bb8 28.
Nc3 Nf7 29. a4 Ng5 30. Re1 Rcc7 31. h4 Nf7 32. Kg1 Rxe1+ 33. Rxe1 Re7 34. Re6
Qc7 35. d6 Nxd6 36. Nd5 Rxe6 37. Nxc7 Re1+ 38. Kh2 Bxc7 39. g3 f4 40. Kg2 fxg3
41. Qxg3 Re7 42. h5 g5 43. Qg4 Kh6 44. Bd7 Re4 45. Qf3 Bd8 46. Qd3 Rf4 47. f3 b5
48. axb5 Bb6 49. d5 Nc4 50. Be6 Rd4 51. Qb1 Ne3+ 52. Kg3 Bc7+ 53. Kf2 Bf4 54.
Qb2 Nd1+ 0-1

[Event "85th ch-GER 2014"]
[Site "Verden an der Aller GER"]
[Date "2014.11.24"]
[Round "4.9"]
[White "Meins, Gerlef"]
[Black "Bodrozic, Tomislav"]
[Result "1-0"]
[WhiteTitle "IM"]
[WhiteElo "2443"]
[BlackElo "2322"]
[WhiteFideId "4620895"]
[BlackFideId "24630993"]
[EventDate "2014.11.21"]

1. Nf3 Nf6 2. c4 g6 3. Nc3 Bg7 4. e4 d6 5. d4 O-O 6. Be2 Na6 7. O-O e5 8. Be3
Ng4 9. Bg5 Qe8 10. dxe5 dxe5 11. h3 h6 12. Bd2 Nf6 13. Be3 Qe7 14. Nd5 Qd8 15.
Qb1 c6 16. Nxf6+ Qxf6 17. b4 Nc7 18. Qc1 Kh7 19. Rd1 Ne6 20. g3 Rd8 21. Rxd8
Qxd8 22. Qb2 Nd4 23. Nxd4 exd4 24. Rd1 Bxh3 25. Bxd4 Bxd4 26. Qxd4 Qxd4 27. Rxd4
Be6 28. a3 c5 29. Rd6 cxb4 30. axb4 b6 31. c5 bxc5 32. bxc5 a5 33. c6 a4 34. c7
a3 35. Bc4 Bc8 36. Rd8 Kg7 37. Bd5 a2 38. Bxa2 Rxa2 39. Rxc8 Rc2 40. e5 g5 41.
f4 gxf4 42. gxf4 h5 43. f5 1-0

[Event "85th ch-GER 2014"]
[Site "Verden an der Aller GER"]
[Date "2014.11.24"]
[Round "4.11"]
[White "Breutigam, Martin"]
[Black "Kollars, Dmitrij"]
[Result "0-1"]
[WhiteTitle "IM"]
[WhiteElo "2409"]
[BlackElo "2283"]
[WhiteFideId "4601840"]
[BlackFideId "12909572"]
[EventDate "2014.11.21"]

1. Nf3 d5 2. c4 c6 3. g3 Nf6 4. Bg2 Bg4 5. Ne5 Bf5 6. cxd5 cxd5 7. Nc3 e6 8. g4
Bg6 9. h4 Bd6 10. d4 h5 11. Nxg6 fxg6 12. g5 Ng4 13. Qd3 O-O 14. Qxg6 Rxf2 15.
Qxe6+ Kh8 16. Bxd5 Bg3 17. Kd1 Nc6 18. e3 Ne7 19. Be4 Qf8 20. Bd2 Re8 21. Bd3
Qf3+ 22. Kc2 Nxe3+ 23. Kb3 Rxd2 24. Bb5 N3f5 25. Ka4 Rxd4+ 26. Ka3 Bd6+ 0-1

[Event "85th ch-GER 2014"]
[Site "Verden an der Aller GER"]
[Date "2014.11.24"]
[Round "4.12"]
[White "Steffens, Olaf"]
[Black "Hundack, Rolf"]
[Result "1-0"]
[WhiteTitle "FM"]
[WhiteElo "2279"]
[BlackElo "2223"]
[WhiteFideId "4630564"]
[BlackFideId "4653092"]
[EventDate "2014.11.21"]

1. b4 Nf6 2. Bb2 g6 3. Nf3 Bg7 4. e3 O-O 5. c4 d6 6. d4 Nbd7 7. Be2 e5 8. Nc3
Re8 9. O-O e4 10. Nd2 Nf8 11. d5 h5 12. Qc2 Bf5 13. Nb5 N8h7 14. Nd4 Bg4 15.
Bxg4 hxg4 16. Ne2 Ng5 17. Ng3 Qe7 18. Bd4 Nd7 19. Qc3 Bxd4 20. exd4 f5 21. Rae1
Qh7 22. Qe3 Qh4 23. Qf4 Nf6 24. f3 exf3 25. Nxf3 Nxf3+ 26. gxf3 Qh3 27. Qg5 Kf7
28. Re6 Rxe6 29. dxe6+ Kxe6 30. Qxg6 Rh8 31. Re1+ Kd7 32. Qxf5+ Kd8 33. Qxf6+
Kc8 34. Qe6+ Kd8 35. Qf6+ Kc8 36. Qf5+ Kd8 37. Qg5+ Kc8 38. Qxg4+ 1-0

[Event "85th ch-GER 2014"]
[Site "Verden an der Aller GER"]
[Date "2014.11.24"]
[Round "4.13"]
[White "Jugelt, Tobias"]
[Black "Skibbe, Willi"]
[Result "1-0"]
[WhiteTitle "IM"]
[BlackTitle "FM"]
[WhiteElo "2404"]
[BlackElo "2274"]
[WhiteFideId "4626150"]
[BlackFideId "4682190"]
[EventDate "2014.11.21"]

1. d4 d5 2. c4 Nc6 3. cxd5 Qxd5 4. e3 e5 5. Nc3 Bb4 6. Bd2 Bxc3 7. bxc3 Nf6 8.
f3 O-O 9. e4 Qd6 10. Be3 Rd8 11. Ne2 exd4 12. cxd4 Qb4+ 13. Qd2 Nxd4 14. Bxd4
Qxd2+ 15. Kxd2 c5 16. Ke3 cxd4+ 17. Nxd4 Bd7 18. Bc4 Ba4 19. Rab1 Rac8 20. Rhc1
Rc7 21. Ne6 1-0

[Event "85th ch-GER 2014"]
[Site "Verden an der Aller GER"]
[Date "2014.11.24"]
[Round "4.14"]
[White "Thiel, Thomas"]
[Black "Schmid, Roland GER"]
[Result "1/2-1/2"]
[WhiteTitle "FM"]
[WhiteElo "2323"]
[BlackElo "2249"]
[WhiteFideId "4615964"]
[BlackFideId "24647810"]
[EventDate "2014.11.21"]

1. e4 d6 2. d4 Nf6 3. Nc3 Nbd7 4. Nf3 e5 5. Bc4 Be7 6. O-O h6 7. Re1 c6 8. a4
Qc7 9. Bb3 Nf8 10. Qe2 g5 11. Qc4 Bd8 12. Be3 Ng6 13. dxe5 dxe5 14. Bc5 Be6 15.
Qf1 Bxb3 16. cxb3 Be7 17. Bxe7 Qxe7 18. Rad1 O-O 19. Nd2 Rfd8 20. Nc4 Qb4 21.
Rxd8+ Rxd8 22. Rd1 Rd4 23. Nd2 g4 24. g3 h5 25. Qe1 Kg7 26. Qe3 Qd6 27. Kf1 a6
28. Nc4 Rxd1+ 29. Ke2 Qd4 30. Nxd1 Nxe4 31. Qxd4 exd4 32. Kd3 Nc5+ 33. Kxd4
Nxb3+ 34. Kc3 Nc5 35. Na5 b6 36. Nxc6 Nxa4+ 37. Kd4 Kf6 38. Nb8 Nc5 39. Ne3 Ne7
40. Nc4 Ne6+ 41. Ke4 Ng5+ 42. Kd3 Nd5 43. Nd7+ Ke6 44. Ndxb6 Nxb6 45. Nxb6 Nf3
46. Na4 Kd5 47. Nc3+ Ke5 48. b4 f5 49. Ne2 h4 50. gxh4 Nxh4 51. Ng1 Ng6 52. f3
Kf4 53. fxg4 fxg4 54. h3 Ne5+ 55. Kc3 g3 56. Ne2+ Kf3 57. Nxg3 Kxg3 58. Kd4 Nc6+ 1/2-1/2

[Event "85th ch-GER 2014"]
[Site "Verden an der Aller GER"]
[Date "2014.11.24"]
[Round "4.15"]
[White "Stern, Rene"]
[Black "Buchal, Stephan"]
[Result "1-0"]
[WhiteTitle "GM"]
[BlackTitle "FM"]
[WhiteElo "2546"]
[BlackElo "2255"]
[WhiteFideId "4611799"]
[BlackFideId "4603915"]
[EventDate "2014.11.21"]

1. d4 g6 2. e4 Bg7 3. c4 d6 4. Nc3 Nf6 5. Nf3 O-O 6. Be2 e5 7. O-O Na6 8. Be3
Ng4 9. Bg5 Qe8 10. Re1 exd4 11. Nxd4 Qe5 12. Nf3 Qc5 13. Bh4 Be6 14. Rc1 Ne5 15.
Nxe5 dxe5 16. Nd5 f6 17. a3 Rf7 18. b4 Qf8 19. c5 c6 20. Bxa6 bxa6 21. Ne3 a5
22. Qa4 axb4 23. Qxc6 Bd7 24. Qd5 bxa3 25. c6 Be8 26. Nc4 Kh8 27. Nd6 Rc7 28.
Nb5 Rf7 29. Rc3 Qb4 30. Rec1 a2 31. Rb3 Qa5 32. Ra3 Qb6 33. Rxa2 Rd8 34. Nd6 Rc7
35. Rac2 Bf8 36. Bxf6+ Bg7 37. Bxd8 1-0

[Event "85th ch-GER 2014"]
[Site "Verden an der Aller GER"]
[Date "2014.11.24"]
[Round "4.16"]
[White "Schulz, Michael1"]
[Black "Bastian, Herbert"]
[Result "0-1"]
[WhiteTitle "FM"]
[BlackTitle "IM"]
[WhiteElo "2233"]
[BlackElo "2317"]
[WhiteFideId "4616731"]
[BlackFideId "4601700"]
[EventDate "2014.11.21"]

1. d4 Nf6 2. Bg5 Ne4 3. Bf4 g6 4. Nd2 Nf6 5. e4 Bg7 6. Be2 c5 7. d5 d6 8. c3 O-O
9. g4 e6 10. g5 Ne8 11. h4 exd5 12. exd5 Nd7 13. Nc4 Qe7 14. Qd2 b5 15. Na5 Ne5
16. Bxe5 dxe5 17. Bxb5 Nd6 18. Bc6 Rb8 19. Ne2 Qc7 20. Nb3 Qb6 21. Qe3 c4 22.
Qxb6 Rxb6 23. Nd2 Rxb2 24. Ng3 e4 25. Rc1 Bg4 26. Nb1 Be5 27. O-O Bf3 28. Rfe1
Rfb8 29. Nf1 Bf4 0-1

[Event "85th ch-GER 2014"]
[Site "Verden an der Aller GER"]
[Date "2014.11.24"]
[Round "4.17"]
[White "Mueller, Reinhold"]
[Black "Grigorian, Spartak"]
[Result "1/2-1/2"]
[WhiteTitle "FM"]
[WhiteElo "2289"]
[BlackElo "2244"]
[WhiteFideId "24605875"]
[BlackFideId "24661490"]
[EventDate "2014.11.21"]

1. d4 Nf6 2. c4 e6 3. Nf3 Bb4+ 4. Nbd2 O-O 5. g3 b6 6. Bg2 Bb7 7. O-O Be7 8. Qc2
c5 9. e4 d5 10. cxd5 exd5 11. e5 Ne4 12. dxc5 Nxd2 13. Bxd2 bxc5 14. Rfe1 a5 15.
h4 Ra6 16. Ng5 Rg6 17. Nxh7 Nc6 18. Nxf8 Nd4 19. Qd1 Bxf8 20. h5 Ra6 21. Be3 Ne6
22. Rc1 Qa8 23. Rc2 Rb6 24. b3 a4 25. Qd3 axb3 26. axb3 d4 27. Bxb7 Qxb7 28. Bd2
Rxb3 29. Qe4 Qa6 30. Rec1 Rd3 31. Bf4 Qa3 32. Kg2 Qb3 33. g4 Nxf4+ 34. Qxf4 Qb7+
35. f3 Re3 36. Rxc5 Bxc5 37. Rxc5 Rc3 38. Ra5 d3 39. h6 d2 40. Ra1 Qd5 41. Rd1
gxh6 42. Rxd2 Rxf3 43. Rxd5 1/2-1/2

[Event "85th ch-GER 2014"]
[Site "Verden an der Aller GER"]
[Date "2014.11.24"]
[Round "4.18"]
[White "Krallmann, Matthias"]
[Black "Krause, Ullrich"]
[Result "1/2-1/2"]
[WhiteTitle "FM"]
[BlackTitle "FM"]
[WhiteElo "2221"]
[BlackElo "2276"]
[WhiteFideId "4613848"]
[BlackFideId "4613058"]
[EventDate "2014.11.21"]

1. d4 e6 2. c4 Bb4+ 3. Nd2 b6 4. a3 Bxd2+ 5. Qxd2 Bb7 6. Nf3 Nf6 7. g3 O-O 8.
Bg2 a5 9. b3 d6 10. O-O Nbd7 11. Bb2 Be4 12. b4 axb4 13. axb4 Qb8 14. b5 Qb7 15.
Qb4 h6 16. Rfc1 Rxa1 17. Rxa1 Ra8 18. Ra4 Rxa4 19. Qxa4 Qa8 20. Qxa8+ Bxa8 21.
Ba3 Be4 22. Kf1 e5 23. dxe5 Bxf3 24. exf6 Bxg2+ 25. Kxg2 Nxf6 26. Kf3 Kf8 27. e4
Ke7 28. h3 Nd7 29. Ke3 Ke6 30. f4 h5 31. Bb2 g6 32. Bd4 f6 33. Kf3 g5 34. h4
gxh4 35. gxh4 Kf7 36. Ke3 Ke6 37. Kf3 Kf7 38. Ke3 Ke6 39. Kf3 1/2-1/2

[Event "85th ch-GER 2014"]
[Site "Verden an der Aller GER"]
[Date "2014.11.24"]
[Round "4.19"]
[White "Harff, Marcel"]
[Black "Kuersten, Ruediger"]
[Result "1-0"]
[WhiteTitle "FM"]
[WhiteElo "2273"]
[BlackElo "2179"]
[WhiteFideId "24621382"]
[BlackFideId "24605816"]
[EventDate "2014.11.21"]

1. c4 Nf6 2. Nf3 c5 3. g3 Nc6 4. Bg2 d5 5. cxd5 Nxd5 6. O-O e5 7. Nc3 Nc7 8. d3
Be7 9. Be3 Rb8 10. Rc1 O-O 11. a3 f6 12. Ne4 b6 13. b4 Nd5 14. Bd2 f5 15. Nc3
Be6 16. b5 Nd4 17. Nxe5 Nxc3 18. Bxc3 Bd5 19. Bxd4 cxd4 20. Qa4 Bxg2 21. Kxg2
Qd5+ 22. Nf3 Bc5 23. Qc4 Rbd8 24. a4 Rfe8 25. Rfe1 h6 26. Qxd5+ Rxd5 27. Rc4 Rd7
28. h3 Kf7 29. Nd2 Be7 30. Kf3 Bf6 31. Nb3 g5 32. g4 h5 33. gxf5 Re5 34. Nd2
Rxf5+ 35. Kg2 a6 36. bxa6 Ra5 37. Rb1 Rxa6 38. Ne4 Bd8 39. Rbb4 Be7 40. Rb5 Ra5
41. Rxb6 Rda7 42. Rxd4 Rxa4 43. Nd6+ Bxd6 44. Rdxd6 g4 45. Rh6 gxh3+ 46. Kxh3
Kg7 47. Rxh5 Re7 48. e3 Rf7 49. Kg3 Ra1 50. f4 Rd7 51. d4 Ra3 52. Kf2 Re7 53.
Re5 Rc7 54. Kf3 Rd7 55. Ke4 Rc7 56. f5 Kf8 57. f6 Rcc3 58. Kf5 Rxe3 59. Ke6 Ra8
60. Rxe3 Re8+ 61. Kd7 Rxe3 62. d5 Kf7 63. d6 Kxf6 64. Kc7 Rd3 65. Kd8 Ra3 66.
d7+ Kf7 67. Kc7 Rc3+ 68. Rc6 1-0

[Event "85th ch-GER 2014"]
[Site "Verden an der Aller GER"]
[Date "2014.11.24"]
[Round "4.20"]
[White "Boidman, Yuri"]
[Black "Keymer, Vincent"]
[Result "0-1"]
[WhiteTitle "IM"]
[WhiteElo "2393"]
[BlackElo "2116"]
[WhiteFideId "4643992"]
[BlackFideId "12940690"]
[EventDate "2014.11.21"]

1. e4 c5 2. Nf3 e6 3. Nc3 a6 4. g3 b5 5. Bg2 Bb7 6. d3 d6 7. O-O Nf6 8. Ng5 h6
9. Nh3 Be7 10. f4 O-O 11. f5 e5 12. g4 b4 13. Nd5 Bxd5 14. exd5 Nh7 15. c4 bxc3
16. bxc3 Ng5 17. Nf2 Nd7 18. c4 Nb6 19. Kh1 Rb8 20. Be3 Nh7 21. Rb1 Qd7 22. Qd2
Qa7 23. Ne4 Nd7 24. h4 Bxh4 25. Nxd6 Bg5 26. Ne4 Bxe3 27. Qxe3 Rxb1 28. Rxb1 Rb8
29. Qg1 Rb6 30. Bf3 Qb8 31. Rxb6 Qxb6 32. Kh2 Nhf6 33. g5 Nxe4 34. Bxe4 Qb2+ 35.
Kh3 hxg5 36. Qxg5 Nf6 37. Qg2 Qc1 38. Kh2 Kf8 39. Bf3 Qf4+ 40. Kg1 Qxf5 41. Be4
Qf4 42. Qb2 g6 43. d6 Kg7 44. Bc6 Qg3+ 45. Bg2 Ng4 46. Qe2 Qh2+ 47. Kf1 Qf4+ 48.
Kg1 Qd4+ 49. Kh1 Nf6 0-1

[Event "85th ch-GER 2014"]
[Site "Verden an der Aller GER"]
[Date "2014.11.24"]
[Round "4.21"]
[White "Asendorf, Joachim"]
[Black "Reimche, Vadim"]
[Result "1-0"]
[WhiteTitle "FM"]
[WhiteElo "2298"]
[BlackElo "2084"]
[WhiteFideId "4639260"]
[BlackFideId "4642422"]
[EventDate "2014.11.21"]

1. c4 Nf6 2. g3 d5 3. cxd5 Nxd5 4. Bg2 c6 5. Nf3 g6 6. O-O Bg7 7. d4 O-O 8. e4
Nc7 9. Nc3 b6 10. Be3 Bb7 11. Qb3 Nd7 12. Rfd1 h6 13. Rac1 Kh7 14. Na4 Qe8 15.
d5 Ne5 16. Nxe5 Bxe5 17. f4 Bg7 18. Nxb6 axb6 19. Qxb6 Qb8 20. dxc6 Bc8 21. e5
f6 22. Rd7 Ne6 23. Rxe7 fxe5 24. c7 Qxb6 25. Bxb6 Rxa2 26. Bd5 Rxb2 27. Bxe6
Rxb6 28. Bxc8 Rxc8 29. Rd1 Rc6 30. Rdd7 Rg8 31. fxe5 g5 32. Kf2 Kg6 33. Rd6+
Rxd6 34. exd6 Bd4+ 35. Ke2 Bb6 36. Kd3 Kf5 37. Kc4 Kg4 38. Kb5 Bxc7 39. dxc7 Kh3
40. Re2 h5 41. Kb6 g4 42. Kb7 h4 43. gxh4 1-0

[Event "85th ch-GER 2014"]
[Site "Verden an der Aller GER"]
[Date "2014.11.24"]
[Round "4.22"]
[White "Hoeffer, David"]
[Black "Mueller, Oliver"]
[Result "1/2-1/2"]
[BlackTitle "FM"]
[WhiteElo "2276"]
[BlackElo "2258"]
[WhiteFideId "24606766"]
[BlackFideId "4633385"]
[EventDate "2014.11.21"]

1. Nf3 Nf6 2. c4 c5 3. Nc3 Nc6 4. e4 e5 5. d3 d6 6. a3 Be7 7. Rb1 O-O 8. Be2 Ne8
9. b4 b6 10. b5 Nd4 11. Nxd4 cxd4 12. Nd5 Bb7 13. Bg4 Nc7 14. Nxc7 Qxc7 15. O-O
a6 16. Qb3 Rfb8 17. f4 Bf6 18. Bd2 exf4 19. Bxf4 Be5 20. Bd2 Qe7 21. c5 Bc8 22.
Bg5 Qe8 23. Bxc8 Rxc8 24. cxb6 Rcb8 25. bxa6 Rxa6 26. b7 Ra7 27. Qd5 Qd7 28. Rb4
Raxb7 29. Rfb1 Rxb4 30. Rxb4 Qc8 31. Qc4 h6 32. Bd2 Qd8 33. Qc6 Rc8 34. Qb7 Rc2
35. Qb8 Rc8 36. Qb7 Rc2 37. Qb8 Rc8 38. Qb7 Rc2 1/2-1/2

[Event "85th ch-GER 2014"]
[Site "Verden an der Aller GER"]
[Date "2014.11.25"]
[Round "5.1"]
[White "Wagner, Dennis"]
[Black "Fridman, Daniel"]
[Result "1/2-1/2"]
[WhiteTitle "IM"]
[BlackTitle "GM"]
[WhiteElo "2484"]
[BlackElo "2639"]
[WhiteFideId "24650684"]
[BlackFideId "11600454"]
[EventDate "2014.11.21"]

1. d4 Nf6 2. c4 e6 3. Nc3 Bb4 4. Nf3 c5 5. g3 Nc6 6. Bg2 d5 7. cxd5 Nxd5 8. Bd2
cxd4 9. Nxd5 Bxd2+ 10. Nxd2 exd5 11. O-O O-O 12. Nb3 Re8 13. Nxd4 Nxd4 14. Qxd4
Rxe2 15. Bf3 Re7 16. Qxd5 Bh3 17. Rfe1 Qxd5 18. Bxd5 Rae8 19. Rxe7 Rxe7 20. Rc1
g6 21. a3 Rd7 22. Bg2 Bxg2 23. Kxg2 Rd2 24. b4 Rd3 25. Rc7 Rxa3 26. Rxb7 a5 27.
bxa5 Rxa5 1/2-1/2

[Event "85th ch-GER 2014"]
[Site "Verden an der Aller GER"]
[Date "2014.11.25"]
[Round "5.2"]
[White "Siebrecht, Sebastian"]
[Black "Svane, Rasmus"]
[Result "1/2-1/2"]
[WhiteTitle "GM"]
[BlackTitle "IM"]
[WhiteElo "2464"]
[BlackElo "2509"]
[WhiteFideId "4609352"]
[BlackFideId "4657101"]
[EventDate "2014.11.21"]

1. Nf3 Nf6 2. g3 b6 3. Bg2 Bb7 4. O-O g6 5. d4 Bg7 6. c4 O-O 7. d5 Na6 8. Nc3
Nc5 9. Re1 Nfe4 10. Nxe4 Nxe4 11. Qc2 f5 12. Ng5 Nc5 13. Be3 e5 14. dxe6 Bxg2
15. Kxg2 Nxe6 16. Nxe6 dxe6 17. Rad1 Qf6 18. b3 Rad8 19. c5 e5 20. f3 Qc6 21.
Qc4+ Kh8 22. a4 e4 23. cxb6 Qxc4 24. bxc4 axb6 25. c5 bxc5 26. Bxc5 Rxd1 27.
Rxd1 Ra8 28. fxe4 fxe4 29. Rd7 Kg8 30. Bd4 Bf8 31. Rxc7 Rxa4 32. Bc3 Ra2 33. Kf2
Rc2 34. Ke3 Bh6+ 35. Kxe4 Rxe2+ 36. Kf3 Rxh2 37. Rc8+ Kf7 38. Rc7+ Kg8 39. Rc8+
Kf7 40. Rc7+ Kg8 1/2-1/2